| 000 | 00571nas a2200181 4500 | ||
|---|---|---|---|
| 001 | 3195 | ||
| 005 | 20181127170731.0 | ||
| 022 | 0 | 0 | _a2304-1757 |
| 090 | 0 | 0 | _a378.05 R8884r |
| 245 | 0 | 0 |
_aThe RUB connection. _b _c |
| 260 | 0 | 0 |
_a _bRoyal University of Bhutan. _c |
| 300 | 0 | 0 | _av. ; 28 cm. |
| 310 | 0 | 0 | _aBi-annual. |
| 500 | 0 | 0 | _a"A biannual newsletter of the Royal University of Bhutan" |
| 650 | 0 | 0 |
_aEducation, Higher --Bhutan --Periodicals. _x |
| 650 | 0 | 0 |
_aEducation, Higher --Bhutan. _x |
| 856 |
_a _uhttp://www.rub.edu.bt/index.php/newsletter _yThe RUB connection online _z _3 |
||
| 999 |
_c2580 _d2580 |
||